000 00990cam a2200229 4500
001 WB4017-05
008 040505n2004 000 0 eng u
035 _a(Sirsi) u126106
245 _aFlood fears affect brownfield housing
260 _c2004
490 _aRegeneration and Renewal
_v 30 April 2004, 11(1)
520 _aForesight have published a report "Foresight flood and coastal defence project", which highlights that building homes away from areas at risk from flooding could involve a greater use of greenfield sites. The report, produced for DEFRA, warns that building on brownfield land, which is often on floodplains, will need adequate protection against flooding. Copies of the report are available at http://www.foresight.gov.uk.
590 _aWB
590 _aWB
650 _aCOASTAL DEFENCE
650 _aFLOOD DEFENCES
650 _aBROWNFIELD SITES
650 _aGREENFIELD SITES
650 _aFLOOD PLAINS
690 _aENVIRONMENT
_96238
942 _n0
999 _c117298
_d117298